| 000 | 00717nam a2200181 i 4500 | ||
|---|---|---|---|
| 001 | 162540 | ||
| 003 | ES-MaACL | ||
| 005 | 20250901104708.0 | ||
| 008 | 050922s1866 sp | |||||||| ||spa d | ||
| 080 | _a339(460)"18" | ||
| 245 | 0 | 0 |
_aPreocupaciones sobre la balanza de comercio y remedio de la crisis monetaria / _cpor un concesionario de ferro-carril. |
| 260 |
_aMadrid : _b[s.n.], _c1866 ( _fImp. de José M. Ducazcal) |
||
| 300 |
_a23 p. ; _c22 cm. |
||
| 650 | 7 |
_aComercio- _zEspaña- _yS.XIX _2 _9174680 |
|
| 852 | 4 |
_aES-MaACL _jT-71-F-7 _z- Enc. en un vol. facticio |
|
| 852 | 4 |
_aES-MaACL _jT-85-F-2 _z- Enc. hol., falto de la enc. original _z- Enc. en un vol. facticio |
|
| 999 |
_c162540 _d162540 |
||